000 00643nam a2200241Ia 4500
003 OSt
005 20221007064004.0
006 a|||||r|||| 00| 0
007 ta
008 221006b |||||||| |||| 00| 0 eng d
020 _a0521257824
024 _a17,439
037 _cTextual
040 _aFLL
_cFLL
_beng
041 _2eng
_aeng
082 _aY0aZ, M4
100 _aBrown Robert
_980640
245 0 _aNature of social laws machiavelli to mill
260 _aCambridge
_bCambridge University Press England
_c1984
300 _a270p
_ccm.
942 _hY0aZ, M4
_cTEXL
_2CC
999 _c1132718
_d1132718